00316nam a2200109 a 450000500170000000800410001710000250005824500510008326000480013494200070018299900170018920140311130135.0020826s19uu xx 00 eng d aShakespeare, William aThe Merchant of Venice /cWilliam Shakespeare. aNew York :bWashington Square Press,c1957. cBK c35492d35492